| 000 | 00579nam a22001817a 4500 | ||
|---|---|---|---|
| 003 | CEME | ||
| 005 | 20210628203110.0 | ||
| 008 | 210218b xxu||||| |||| 00| 0 eng d | ||
| 020 | _a81-7808-243-8 | ||
| 040 | _c. | ||
| 082 | _a621.382 SIN | ||
| 100 |
_aBridgman, Thomas, Singhal, Sandeep, Suryanarayana, Lalitha _963298 |
||
| 245 | _aWap-the wirless application protocol, writing application for the mobile internet | ||
| 260 |
_aINDIA _bPEARSON EDUCATION ASIA _c2001 |
||
| 300 | _aXX,678P | ||
| 650 |
_aWIRLESS APPLICATION PROTOCOL; WAP PROTOCOL _963299 |
||
| 942 |
_cBK _2ddc |
||
| 999 |
_c572166 _d572166 |
||